Elementary and intermediate algebra :a unified approach. / (Record no. 1821)
[ view plain ]
| 000 -LEADER | |
|---|---|
| fixed length control field | 01642cam a2200313 a 4500 |
| 001 - CONTROL NUMBER | |
| control field | 13278058 |
| 005 - DATE AND TIME OF LATEST TRANSACTION | |
| control field | 20210414114059.0 |
| 008 - FIXED-LENGTH DATA ELEMENTS--GENERAL INFORMATION | |
| fixed length control field | 030717s2004 maua 001 0 eng |
| 010 ## - LIBRARY OF CONGRESS CONTROL NUMBER | |
| LC control number | 2003016024 |
| 020 ## - INTERNATIONAL STANDARD BOOK NUMBER | |
| International Standard Book Number | 0072546719 (hard copy : alk. paper) |
| 040 ## - CATALOGING SOURCE | |
| Original cataloging agency | DLC |
| Transcribing agency | DLC |
| Modifying agency | DLC |
| 050 00 - LIBRARY OF CONGRESS CALL NUMBER | |
| Classification number | QA152.3.H874 |
| 082 00 - DEWEY DECIMAL CLASSIFICATION NUMBER | |
| Classification number | 512 |
| Edition number | 22 |
| 100 1# - MAIN ENTRY--PERSONAL NAME | |
| Personal name | Hutchison, Donald, |
| Dates associated with a name | 1948- |
| 245 10 - TITLE STATEMENT | |
| Title | Elementary and intermediate algebra :a unified approach. / |
| Statement of responsibility, etc. | Donald Hutchison, Barry Bergman, Louis Hoelzle. |
| 250 ## - EDITION STATEMENT | |
| Edition statement | 2nd ed. |
| 260 ## - PUBLICATION, DISTRIBUTION, ETC. | |
| Place of publication, distribution, etc. | Boston : |
| Name of publisher, distributor, etc. | McGraw-Hill Higher Education, |
| Date of publication, distribution, etc. | c2004. |
| 300 ## - PHYSICAL DESCRIPTION | |
| Extent | xxv, 1045 + various pagings: |
| Other physical details | ill.; |
| Dimensions | 27 cm. |
| 500 ## - GENERAL NOTE | |
| General note | Includes index. |
| 505 ## - FORMATTED CONTENTS NOTE | |
| Formatted contents note | Contents: From arithmetic to algebra -- Equations and inequalities -- Graphs and linear equations -- Exponents and polynomials -- A Beginning look at functions-- Factoring polynomials -- A Review of elementary algebra -- Rational expressions -- Systems of linear equations and inequalities -- Graphical solutions -- Radicals and exponents -- Quadratic functions -- Conic sections -- Exponential and logarithmic functions -- Appendix A: Determinants and Cramer's rule. |
| 650 #0 - SUBJECT ADDED ENTRY--TOPICAL TERM | |
| Topical term or geographic name entry element | Algebra. |
| 700 1# - ADDED ENTRY--PERSONAL NAME | |
| Personal name | Bergman, Barry. |
| 700 1# - ADDED ENTRY--PERSONAL NAME | |
| Personal name | Hoelzle, Louis F. |
| 856 41 - ELECTRONIC LOCATION AND ACCESS | |
| Materials specified | Table of contents |
| Uniform Resource Identifier | <a href="http://www.loc.gov/catdir/toc/ecip046/2003016024.html">http://www.loc.gov/catdir/toc/ecip046/2003016024.html</a> |
| 856 42 - ELECTRONIC LOCATION AND ACCESS | |
| Materials specified | Publisher description |
| Uniform Resource Identifier | <a href="http://www.loc.gov/catdir/enhancements/fy0702/2003016024-d.html">http://www.loc.gov/catdir/enhancements/fy0702/2003016024-d.html</a> |
| 906 ## - LOCAL DATA ELEMENT F, LDF (RLIN) | |
| a | 7 |
| b | cbc |
| c | orignew |
| d | 1 |
| e | ecip |
| f | 20 |
| g | y-gencatlg |
| 942 ## - ADDED ENTRY ELEMENTS (KOHA) | |
| Source of classification or shelving scheme | Library of Congress Classification |
| Koha item type | Books |
| Withdrawn status | Lost status | Source of classification or shelving scheme | Damaged status | Not for loan | Home library | Current library | Shelving location | Date acquired | Total Checkouts | Full call number | Barcode | Date last seen | Copy number | Price effective from | Koha item type |
|---|---|---|---|---|---|---|---|---|---|---|---|---|---|---|---|
| Library of Congress Classification | WISCONSIN INTERNATIONAL UNIVERSITY COLLEGE, GHANA - MAIN LIBRARY | WISCONSIN INTERNATIONAL UNIVERSITY COLLEGE, GHANA - MAIN LIBRARY | General Stacks | 25/07/2012 | QA152.3.H874 | 5266/12 | 25/07/2012 | 1 | 25/07/2012 | Books | |||||
| Library of Congress Classification | WISCONSIN INTERNATIONAL UNIVERSITY COLLEGE, GHANA - MAIN LIBRARY | WISCONSIN INTERNATIONAL UNIVERSITY COLLEGE, GHANA - MAIN LIBRARY | General Stacks | 25/07/2012 | QA152.3.H8741 | 5267/12 | 25/07/2012 | 2 | 14/04/2021 | Books | |||||
| Library of Congress Classification | WISCONSIN INTERNATIONAL UNIVERSITY COLLEGE, GHANA - MAIN LIBRARY | WISCONSIN INTERNATIONAL UNIVERSITY COLLEGE, GHANA - MAIN LIBRARY | General Stacks | 25/07/2012 | QA152.3.H8742 | 5268/12 | 25/07/2012 | 3 | 25/07/2012 | Books | |||||
| Library of Congress Classification | WISCONSIN INTERNATIONAL UNIVERSITY COLLEGE, GHANA - MAIN LIBRARY | WISCONSIN INTERNATIONAL UNIVERSITY COLLEGE, GHANA - MAIN LIBRARY | General Stacks | 25/07/2012 | QA152.3.H8743 | 5269/12 | 25/07/2012 | 4 | 25/07/2012 | Books | |||||
| Library of Congress Classification | WISCONSIN INTERNATIONAL UNIVERSITY COLLEGE, GHANA - MAIN LIBRARY | WISCONSIN INTERNATIONAL UNIVERSITY COLLEGE, GHANA - MAIN LIBRARY | 25/07/2012 | QA152.3.H8744 | 5270/12 | 25/07/2012 | 5 | 25/07/2012 | Books |
